| 000 | 01043nam a22003137a 4500 | ||
|---|---|---|---|
| 003 | CHAP | ||
| 005 | 20220329140946.0 | ||
| 008 | 971013s r 00010 d | ||
| 010 | _a60454 | ||
| 011 | _a61426 | ||
| 035 | _a65591 | ||
| 040 | _cCHAP | ||
| 090 | _aR-3772 | ||
| 100 | 0 | 0 |
_aCalderón de Rzedowski, Graciela. _917385 |
| 245 | 1 | _aDos especies nuevas de la familia Loranthaceae del centro de México | |
| 500 | _aSobretiro de : Cactáceas y Suculentes Mexicanas 17(4) : 99-104, 1972 | ||
| 590 |
_aBATCH-UPD _b10 _c20130110 _lUCH01 _h0736 |
||
| 590 |
_aBATCH-UPD _b10 _c20130110 _lUCH01 _h2347 |
||
| 590 |
_aBATCH-UPD _b10 _c20130410 _lUCH01 _h0419 |
||
| 590 |
_aBATCH-UPD _b10 _c20130914 _lUCH01 _h1734 |
||
| 590 |
_aCONVERSION _b10 _c20130109 _lUCH01 _h1332 |
||
| 650 | 1 | 4 |
_aLorantáceas. _968512 |
| 650 | 1 | 4 |
_aPhoradendron rhipsalinum. _987867 |
| 650 | 1 | 4 |
_aStruthanthus mexicanus. _9110029 |
| 700 | 0 |
_aRzedowski Rotter, Jerzy. _9101052 |
|
| 901 | _aBK | ||
| 942 | _cREIMP | ||
| 949 |
_aR-3772 _bBC _cR _d33724000615464 _eTS1 _i65591 _si |
||
| 999 |
_c60454 _d60454 |
||